000 01044nam a2200241Ia 4500
999 _c39929
_d39929
001 6534
003 GE_BSU
005 20191021104642.0
008 181216s1956||||ge |||||||||||||| ||geo||
040 _cGE_BSU
041 _ageo
080 _a821.353.1-1 ბ-78
100 _aბობოხიძე, კალე
_94852
245 _aრჩეული ლექსები :
_bპოემა /
_cკალე ბობოხიძე ; რედ. ირ. არაბული ; მხატვ. დ. და ვლ. ქუთათელაძეები.
264 _aთბილისი :
_bსახელგამი ;
_c1956.
300 _a302 გვ. ;
_c20 სმ.
653 _aრჩეული ლექსები
653 _aპოემა
700 _aარაბული, ირ.
_eრედაქტორი
_94866
700 _aქუთათელაძე, დ.
_eმხატვარი
_94867
700 _aქუთათელაძე, ვლ.
_eმხატვარი
_94868
942 _cBK
_2udc